ბათუმის შოთა რუსთაველის სახელმწიფო უნივერსიტეტის ბიბლიოთეკა

ჟურნალისტების დაცვა სახიფათო მივლინების დროს / (ბიბ.ჩანაწერი № 59036)

000 -ლიდერი
ფიქსირებული სიგრძის საკონტროლო ველი 01002nam a22001817a 4500
003 - საკონტროლო ნომრის იდენტიფიკატორი
საკონტროლო ველი Ge_BSU
005 - ბოლო ოპერაციის თარიღი და დრო
საკონტროლო ველი 20221102163036.0
008 - ფიქსირებული სიგრძის მონაცემთა ელემენტები - ზოგადი ინფორმაცია
ფიქსირებული სიგრძის საკონტროლო ველი 221102s2000 ge ||||| |||| 00| 0 geo d
041 ## - ენის კოდი
Language code of text/sound track or separate title geo
080 ## - უნივერსალური ათობითი კლასიფიკაციის ინდექსი
Universal Decimal Classification number 342.732 + 070 გ-23
100 ## - მთავარი ჩანაწერი - პიროვნების სახელი
Personal name გასერი, ჰანს-პეტერ
9 (RLIN) 5330
245 ## - ცნობა სათაურის შესახებ
Title ჟურნალისტების დაცვა სახიფათო მივლინების დროს /
Statement of responsibility, etc ჰანს-პეტერ გასერი. საერთაშორისო ჰუმანიტარული სამართალი და ჟურნალისტების საქმიანობა.
264 ## - წარმოების, გამოცემის, დისტრიბუციის და სხვა ცნობები
გამოცემის, წარმოების, დისტრიბუციის... ადგილი თბილისი :
გამოცემის, წარმოების, დისტრიბუციის... სახელწოდება წითელი ჯვრის საერთაშორ. კომ.
გამოცემის, წარმოების, დისტრიბუციის... თარიღი 2000.
300 ## - ფიზიკური აღწერა
Extent 29 გვ. ;
Other physical details 20 სმ.
653 ## - INDEX TERM--UNCONTROLLED
Uncontrolled term ჟურნალისტთა უფლებები
653 ## - INDEX TERM--UNCONTROLLED
Uncontrolled term სახიფათო მივლინებები
942 ## - ADDED ENTRY ELEMENTS (KOHA)
Source of classification or shelving scheme
Koha item type წიგნი
ეგზემპლარები
ჩამოწერის სტატუსი დაკარგული ეგზემპლარის სტატუსი კლასიფიკაციის წყარო ან თაროზე გაწყობის სქემა დაზიანების სტატუსი არ გაიცემა მუდმივი მდებარეობა (დაცვის ადგილი) ამჟამინდელი ადგილსამყოფელი თაროზე განთავსების ადგილი შეძენის თარიღი ღირებულება, შესყიდვის ნორმალური ფასი სრული შენახვის შიფრი შტრიხკოდი ბოლო ოპერაციის თარიღი ეგზემპლარის მიმდევრობითი ნომერი (კეტერი?) ფასის ძალაში შესვლის თარიღი ეგზემპლარის სახეობა საჯარო შენიშვნა
          ბათუმის შოთა რუსთაველის სახელმწიფო უნივერსიტეტის მთავარი ბიბლიოთეკა ბათუმის შოთა რუსთაველის სახელმწიფო უნივერსიტეტის მთავარი ბიბლიოთეკა წიგნსაცავი 2022-11-02 2.00 342.732 + 070 გ-23 28863 2022-11-02 28863 2022-11-02 წიგნი 2 ლ.